Principles of electronic Materials and Devices (Record no. 559899)
[ view plain ]
| 000 -LEADER | |
|---|---|
| fixed length control field | 00320nam a2200121Ia 4500 |
| 008 - FIXED-LENGTH DATA ELEMENTS--GENERAL INFORMATION | |
| fixed length control field | 210428s9999 xx 000 0 und d |
| 082 ## - DEWEY DECIMAL CLASSIFICATION NUMBER | |
| Classification number | 621.3 K1911 P |
| 100 ## - MAIN ENTRY--PERSONAL NAME | |
| Personal name | S O Kasap |
| 9 (RLIN) | 52136 |
| 245 #0 - TITLE STATEMENT | |
| Title | Principles of electronic Materials and Devices |
| 260 ## - PUBLICATION, DISTRIBUTION, ETC. | |
| Name of publisher, distributor, etc. | McGraw Hill |
| Place of publication, distribution, etc. | Boston |
| Date of publication, distribution, etc. | 2002 |
| 300 ## - PHYSICAL DESCRIPTION | |
| Extent | 745p. |
| 942 ## - ADDED ENTRY ELEMENTS (KOHA) | |
| Koha item type | Book |
| Withdrawn status | Lost status | Damaged status | Not for loan | Permanent Location | Current Location | Date acquired | Total Checkouts | Full call number | Barcode | Date last seen | Price effective from | Koha item type |
|---|---|---|---|---|---|---|---|---|---|---|---|---|
| School of Chemical & Materials Engineering (SCME) | School of Chemical & Materials Engineering (SCME) | 12/11/7 | 621.3 K1911 P | SCME-46 | 04/28/2021 | 04/28/2021 | Book |
